Spell the Marvel Character #253 - Statistics

General Stats
  • This quiz has been taken 15 times
  • The average score is 6 of 8
Answer Stats
Picture Answer % Correct
Hawkeye (Kate Bishop)
100%
Okoye
92%
X-23
83%
Iron Lad
75%
Spectrum
75%
Aurora
67%
Jocasta
67%
Josiah X
58%
No matching quizzes found
Score Distribution
Percent of People with Each Score
Percentile by Number Answered
Your Score History
You have not taken this quiz